000 00248nam a22001097a 4500
008 170125b xxu||||| |||| 00| 0 eng d
020 _a2900077340093
041 _aeng
080 _a618.2
245 _aMEDICAL ASSISTING
_cBOOTH, K.A
942 _2udc
_cBK
999 _c3591
_d3591